00926 a2200253 4500003000500000005001700005008004100022020001500063040001300078082001700091100002000108245008600128260004600214300002100260650002600281650002100307650001700328650001900345651001200364655002400376856008900400856010400489856007900593NUST20231003154833.0231003b ||||| |||| 00| 0 eng d a8122902553 aDLCbDLC00a823.914bACH1 aAchebe, Chinua.00aThings fall apart/cChinua Achebe ; with an introduction by Kwame Anthony Appiah. aNew Delhi :bSurjeet Publications;c2007. a215 p. ;c22 cm. 0aIgbo (African people) 0aBritishzNigeria 0aMenzNigeria 0aRace relations 0aNigeria 7aHistorical fiction.423Publisher descriptionuhttp://www.loc.gov/catdir/description/random041/97103913.html423Contributor biographical informationuhttp://www.loc.gov/catdir/enhancements/fy0744/97103913-b.html423Sample textuhttp://www.loc.gov/catdir/enhancements/fy0826/97103913-s.html